|
|
|
|
| LEADER |
01939nam a22004097a 4500 |
| 001 |
28821 |
| 003 |
BD-DhAAL |
| 005 |
20260106125048.0 |
| 008 |
150110s2001 maunnn| f | eng d |
| 020 |
|
|
|a 0395926890
|
| 020 |
|
|
|a 0395926882 (pbk)
|
| 040 |
|
|
|a NOG
|c NOG
|d OCLCQ
|d BAKER
|d BTCTA
|d DLC
|d BD-DhAAL
|
| 042 |
|
|
|a lccopycat
|
| 043 |
|
|
|a n-us---
|a n-ca---
|
| 050 |
0 |
0 |
|a RZA 9838
|
| 082 |
0 |
0 |
|a 813.010806
|2 22
|
| 245 |
0 |
4 |
|a The best American short stories 2001 :
|b selected from U.S. and Canadian Magazines /
|c Barbara Kingsolver with Katrina Kenison with an introduction by Barbara Kingsolver.
|
| 260 |
|
|
|a Boston, Mass. :
|b Houghton Mifflin,
|c 2001.
|
| 300 |
|
|
|a xix, 378 pages ;
|c 22 cm.
|
| 490 |
|
0 |
|a Best American series.
|
| 500 |
|
|
|a Statement of responsibility from container.
|
| 500 |
|
|
|a Includes the Yearbook of the American short story, 1978-
1980.
|
| 500 |
|
|
|a For 2012 ed.: by Tom Perrotta with Heidi Pitlore.
|
| 500 |
|
|
|a Includes index.
|
| 541 |
|
|
|a Donation from the Asia Foundation
|e 28821, 42388
|
| 650 |
|
0 |
|a Short stories, American.
|9 5834
|
| 650 |
|
0 |
|a Short stories, Canadian.
|9 7281
|
| 650 |
|
0 |
|a American fiction
|y 21st century.
|9 7282
|
| 650 |
|
0 |
|a Canadian fiction
|y 21st century.
|9 7283
|
| 700 |
1 |
|
|a Kingsolver, Barbara,
|e editor.
|9 7284
|
| 700 |
1 |
|
|a Kenison, Katrina,
|e editor.
|9 7285
|
| 830 |
|
|
|a Best American series
|9 56157
|
| 852 |
|
|
|a Ayesha Abed Library
|
| 942 |
|
|
|2 ddc
|c BK
|
| 999 |
|
|
|c 33440
|d 33440
|
| 952 |
|
|
|0 0
|1 0
|2 ddc
|4 0
|6 813_010806000000000_BES
|7 0
|9 44699
|a BRACUL
|b BRACUL
|c GEN
|d 2015-01-10
|e BRAC Institute of Language (BIL)
|l 0
|o 813.010806 BES
|p 3010028821
|r 2025-07-01
|t 1
|w 2015-01-10
|y BK
|x Transferred from BIL to BRACUL on 30/06/2025
|
| 952 |
|
|
|0 0
|1 0
|2 ddc
|3 Need to change Call No. within the book
|4 0
|6 813_010806000000000_BES
|7 0
|9 75271
|a SCL
|b SCL
|c GEN
|d 2024-03-18
|e Donation from the Asia Foundation
|g 1426.00
|l 0
|o 813.010806 BES
|p 3020042388
|r 2024-03-18
|t 2
|w 2024-03-18
|y BK
|x USD 13.00
|